000 00539cam a22002051 4500
001 ne 65002440
003 DLC
005 20260227111818.0
008 881028s1965 xx a 000 0 ara
010 _ane 65002440
035 _a(OCoLC)23505807
040 _aDLC
_cMiU
_dDLC
050 0 0 _aPJ7862.H272
_bM3
100 1 _aShārūnī, Yaʻqūb.
245 1 0 _aMasraḥīyat Zhinviyāv.
260 _c[1965]
300 _a108 p.
_billus.
_c17 cm.
500 _aRomanized.
650 0 _aGeneviève, of Brabant (Legendary character)
_vDrama.
999 _c48531
_d48531